<?xml version="1.0" encoding="UTF-8"?>
<collection xmlns="http://www.loc.gov/MARC21/slim">
 <record>
  <leader>00516pamaa2200157   4500</leader>
  <controlfield tag="001">0000041589</controlfield>
  <controlfield tag="005">20070314090000.0</controlfield>
  <controlfield tag="008">070314                             eng  </controlfield>
  <datafield tag="020" ind1="0" ind2="0">
   <subfield code="a">0852233809 (pbk.) </subfield>
  </datafield>
  <datafield tag="090" ind1="0" ind2="0">
   <subfield code="a">U263 </subfield>
   <subfield code="b">NUC 1983</subfield>
  </datafield>
  <datafield tag="245" ind1="1" ind2="4">
   <subfield code="a">The NUCLEAR war file  </subfield>
   <subfield code="c">compiled by Christopher Chant and Ian Hogg; </subfield>
   <subfield code="f">with an introduction by Laurence Martin.</subfield>
  </datafield>
  <datafield tag="260" ind1="0" ind2="0">
   <subfield code="a">London: </subfield>
   <subfield code="b">Ebury Press, </subfield>
   <subfield code="c">1983.</subfield>
  </datafield>
  <datafield tag="300" ind1=" " ind2=" ">
   <subfield code="a">160 p.: </subfield>
   <subfield code="b">col. ill.; </subfield>
   <subfield code="c">25 cm.</subfield>
  </datafield>
  <datafield tag="650" ind1="0" ind2="0">
   <subfield code="a">Nuclear weapons </subfield>
  </datafield>
  <datafield tag="650" ind1="0" ind2="0">
   <subfield code="a">Nuclear warfare </subfield>
  </datafield>
  <datafield tag="700" ind1="1" ind2="1">
   <subfield code="a">Hogg, </subfield>
   <subfield code="h">Ian V. </subfield>
  </datafield>
 </record>
</collection>
